TEXT BOOK OF GYNAECOLOGY / (Record no. 794585)

MARC details
000 -LEADER
fixed length control field 00386pam a2200157 a 4500
020 ## - INTERNATIONAL STANDARD BOOK NUMBER
International Standard Book Number 817381041
Terms of availability
041 ## - LANGUAGE CODE
Language code of original
082 ## - DEWEY DECIMAL CLASSIFICATION NUMBER
Classification number 618
Item number DAT
100 ## - MAIN ENTRY--PERSONAL NAME
Personal name DATTA, D .
245 ## - TITLE STATEMENT
Title TEXT BOOK OF GYNAECOLOGY /
Medium Textual Documents
250 ## - EDITION STATEMENT
Edition statement 4 ED.
260 ## - PUBLICATION, DISTRIBUTION, ETC.
Place of publication, distribution, etc. NULL :
Name of publisher, distributor, etc. NEW CENTRAL BOOK AGENCY ,
Date of publication, distribution, etc. 2005.
300 ## - PHYSICAL DESCRIPTION
Extent 606+XXI : :
Other physical details VI ; ;
Dimensions A4.
650 ## - SUBJECT ADDED ENTRY--TOPICAL TERM
Topical term or geographic name entry element OBST.GYNE
930 ## - EQUIVALENCE OR CROSS-REFERENCE-UNIFORM TITLE HEADING [LOCAL, CANADA]
Uniform title 46
Holdings
Withdrawn status Lost status Damaged status Not for loan Collection Home library Current library Date acquired Source of acquisition Cost, normal purchase price Total Checkouts Full call number Barcode Date last seen Copy number Price effective from Koha item type Date due Date last checked out
          Medical College & Hospital, Sangli Medical College & Hospital, Sangli 28/05/2005 NATIONAL BOOK DEPOT. 425.00   618 DAT MCS-0267 26/07/2023 6 26/07/2023 Book    
          Medical College & Hospital, Sangli Medical College & Hospital, Sangli 28/05/2005 NATIONAL BOOK DEPOT. 425.00   618 DAT MCS-0266 26/07/2023 5 26/07/2023 Book    
          Medical College & Hospital, Sangli Medical College & Hospital, Sangli 28/05/2005 NATIONAL BOOK DEPOT. 425.00   618 DAT MCS-0265 26/07/2023 4 26/07/2023 Book    
          Medical College & Hospital, Sangli Medical College & Hospital, Sangli 28/05/2005 NATIONAL BOOK DEPOT. 425.00   618 DAT MCS-0264 26/07/2023 3 26/07/2023 Book    
          Medical College & Hospital, Sangli Medical College & Hospital, Sangli 28/05/2005 NATIONAL BOOK DEPOT. 425.00 1 618 DAT MCS-0263 10/11/2023 2 26/07/2023 Book 31/12/2050 10/11/2023
          Medical College & Hospital, Sangli Medical College & Hospital, Sangli 28/05/2005 NATIONAL BOOK DEPOT. 425.00   618 DAT MCS-0262 26/07/2023 1 26/07/2023 Book